|
|
|
|
| LEADER |
01027nab a2200289 i 4500 |
| 001 |
publ7735 |
| 005 |
20190619163030.0 |
| 008 |
170403s2016 hu o 0|| angol d |
| 022 |
|
|
|a 0895-8696
|
| 024 |
7 |
|
|a 10.1007/s12031-016-0765-0
|2 doi
|
| 024 |
7 |
|
|a 3064483
|2 mtmt
|
| 040 |
|
|
|a SZTE Publicatio Repozitórium
|b hun
|
| 041 |
|
|
|a angol
|
| 100 |
1 |
|
|a Sándor Balázs
|
| 245 |
1 |
0 |
|a Structural and Morphometric Comparison of Lower Incisors in PACAP-Deficient and Wild-Type Mice
|h [elektronikus dokumentum] /
|c Sándor Balázs
|
| 260 |
|
|
|c 2016
|
| 300 |
|
|
|a 300-308
|
| 490 |
0 |
|
|a JOURNAL OF MOLECULAR NEUROSCIENCE
|v 59 No. 2
|
| 700 |
0 |
1 |
|a Fintor Krisztián
|e aut
|
| 700 |
0 |
1 |
|a Reglődi Dóra
|e aut
|
| 700 |
0 |
1 |
|a Fülöp Balázs Dániel
|e aut
|
| 700 |
0 |
1 |
|a Helyes Zsuzsanna
|e aut
|
| 700 |
0 |
1 |
|a Szántó Ildikó
|e aut
|
| 700 |
0 |
1 |
|a Nagy Péter
|e aut
|
| 700 |
0 |
1 |
|a Hashimoto Hitoshi
|e aut
|
| 700 |
0 |
1 |
|a Tamás Andrea
|e aut
|
| 856 |
4 |
0 |
|u http://publicatio.bibl.u-szeged.hu/7735/1/art%253A10.1007%252Fs12031-016-0765-0.pdf
|z Dokumentum-elérés
|